[Event "Feffernitz Raika op 14th"]
[Site "Feffernitz"]
[Date "2005.08.21"]
[Round "1"]
[White "Jeraj, Zlatko"]
[Black "Buchacher, Eduard"]
[Result "1-0"]
[WhiteElo "2098"]
[BlackElo "1685"]
[PlyCount "83"]
[EventDate "2005.08.21"]
[EventType "swiss"]
[EventRounds "9"]
[EventCountry "AUT"]
[SourceTitle "CBM 108 Extra"]
[Source "ChessBase"]
[SourceDate "2005.11.04"]
[SourceVersion "1"]
[SourceVersionDate "2005.11.04"]
[SourceQuality "1"]

1. e4 c5 2. Nf3 d6 3. c3 Nf6 4. Qc2 Nc6 5. d4 cxd4 6. Nxd4 Nxd4 7. cxd4 a6 8. Bc4 e6 9. Nc3 Be7 10. Bg5 b5 11. Bd3 h6 12. Bh4 Bb7 13. 0-0 0-0 14. f3 Rc8 15. a3 Qb6 16. Bf2 Qc7 17. Be3 e5 18. d5 Nd7 19. Qf2 Nc5 20. Bc2 Qd8 21. Rac1 Bg5 22. f4 exf4 23. Bxf4 Qf6 24. Qe3 Bxf4 25. Rxf4 Qe7 26. Rcf1 Rce8 27. Qd4 Qe5 28. Qxe5 Rxe5 29. b4 Nd7 30. a4 bxa4 31. Bxa4 Nb6 32. Bc6 Bc8 33. Ne2 f6 34. Nd4 Nc4 35. b5 axb5 36. Bxb5 Nd2 37. Re1 Bb7 38. Re2 Nb1 39. Rf3 Ra8 40. Rb3 Na3 41. Bd3 Bc8 42. Ra2 1-0

[Event "Feffernitz Raika op 07th"]
[Site "Feffernitz"]
[Date "1998.08.22"]
[Round "?"]
[White "Gallob, Marko"]
[Black "Buchacher, Eduard"]
[Result "1/2-1/2"]
[WhiteElo "1871"]
[BlackElo "1682"]
[PlyCount "75"]
[EventDate "1998.08.??"]
[EventType "swiss"]
[EventRounds "9"]
[EventCountry "AUT"]
[SourceTitle "EXT 2004"]
[Source "ChessBase"]
[SourceDate "2003.11.25"]
[SourceVersion "1"]
[SourceVersionDate "2003.11.25"]
[SourceQuality "1"]

1. e4 c5 2. Nf3 d6 3. d4 cxd4 4. Nxd4 Nf6 5. Nc3 Bg4 6. f3 Bh5 7. Be3 a6 8. Bd3 e6 9. a4 Be7 10. Qe2 0-0 11. g4 Bg6 12. f4 h6 13. f5 exf5 14. exf5 Bh7 15. h4 Nfd7 16. g5 Re8 17. Nd5 Qa5+ 18. Nc3 Nc6 19. Nxc6 bxc6 20. g6 fxg6 21. fxg6 Bxg6 22. Bxg6 Rf8 23. Bd4 Ne5 24. Bxe5 dxe5 25. Rf1 Bxh4+ 26. Kd1 Rad8+ 27. Bd3 Bg5 28. Rxf8+ Rxf8 29. Qe4 Rf6 30. Qh7+ Kf8 31. Qh8+ Ke7 32. Qxg7+ Rf7 33. b4 Qc7 34. Qg6 Qd7 35. Ne4 Qg4+ 36. Ke1 Qg1+ 37. Ke2 Qe3+ 38. Kd1 1/2-1/2

[Event "Feffernitz Raika op 07th"]
[Site "Feffernitz"]
[Date "1998.08.16"]
[Round "?"]
[White "Kiss, Judit"]
[Black "Buchacher, Eduard"]
[Result "1-0"]
[WhiteElo "2120"]
[BlackElo "1682"]
[PlyCount "61"]
[EventDate "1998.08.??"]
[EventType "swiss"]
[EventRounds "9"]
[EventCountry "AUT"]
[SourceTitle "EXT 2004"]
[Source "ChessBase"]
[SourceDate "2003.11.25"]
[SourceVersion "1"]
[SourceVersionDate "2003.11.25"]
[SourceQuality "1"]

1. e4 c5 2. Nf3 d6 3. d4 cxd4 4. Nxd4 a6 5. c4 Nf6 6. Nc3 e6 7. Be2 Qc7 8. Be3 Nc6 9. 0-0 Be7 10. Rc1 0-0 11. Nd5 Qd8 12. Nxe7+ Nxe7 13. f3 Bd7 14. Qd2 Nc6 15. Rfd1 Ne8 16. b4 Nxd4 17. Qxd4 Rc8 18. e5 Bc6 19. exd6 Qd7 20. b5 axb5 21. cxb5 Bd5 22. Rxc8 Qxc8 23. Qc5 Qd7 24. Bf4 Bxa2 25. b6 Bd5 26. Bb5 Bc6 27. Bxc6 bxc6 28. Rc1 Nf6 29. Qxc6 Qxc6 30. Rxc6 Nd5 31. b7 1-0